Matthew for everyone : Part - 1 (Record no. 22865)

MARC details
000 -LEADER
fixed length control field 00619cam a2200205 a 4500
020 ## - INTERNATIONAL STANDARD BOOK NUMBER
ISBN 0664227864 (v. 1 : U.S. ed.)
020 ## - INTERNATIONAL STANDARD BOOK NUMBER
ISBN 0281053014 (v. 1 : U.K. ed.)
020 ## - INTERNATIONAL STANDARD BOOK NUMBER
ISBN 0664227872 (v. 2 : U.S. ed.)
020 ## - INTERNATIONAL STANDARD BOOK NUMBER
ISBN 0281054878 (v. 2 : U.K. ed.)
082 00 - DEWEY DECIMAL CLASSIFICATION NUMBER
Classification number 226.2077
Author Cutter WRI
100 1# - MAIN ENTRY--AUTHOR NAME
Author name Wright, N. T.
245 10 - TITLE STATEMENT
Title Matthew for everyone : Part - 1
250 ## - EDITION STATEMENT
Edition statement 2nd ed.
260 ## - PUBLICATION, DISTRIBUTION, ETC. (IMPRINT)
Place of publication London :
Name of publisher SPCK ;
Place of publication Louisville, KY :
Name of publisher Westminster John Knox Press,
Year of publication c2004.
300 ## - PHYSICAL DESCRIPTION
Number of Pages 223.
Other physical details map ;
505 0# - FORMATTED CONTENTS NOTE
Formatted contents note pt. 1. Chapters 1-15 --
650 ## - SUBJECT ADDED ENTRY--TOPICAL TERM
Topical Term Bible.--Matthew
-- Bible.--New Testament
942 ## - ADDED ENTRY ELEMENTS (KOHA)
Koha item type Books
Holdings
Home library Current library Shelving location Date acquired Source of acquisition Full call number Accession Number Koha item type
Henry Martyn Institute Library Henry Martyn Institute Library General stacks 03/20/2020 ISPCK 226.2077 WRI 11004166 Books
Henry Martyn Institute Library Henry Martyn Institute Library General stacks 03/20/2020 ISPCK 226.2077 WRI 11004165 Books
Henry Martyn Institute Library Henry Martyn Institute Library General stacks 03/20/2020 ISPCK 226.2077 WRI 11004164 Books
Henry Martyn Institute Library Henry Martyn Institute Library General stacks 03/20/2020 ISPCK 226.2077 WRI 11004163 Books
                   Copyright © 2026 | Henry Martyn Institute | Hyderabad | TS-500052 | INDIA | Implemented by hmi.edu.in
Hit-Count:

Powered by Koha